|
|
|
|
| LEADER |
00000nab a2200000 a 4500 |
| 001 |
vtls000717735 |
| 003 |
SK-MaSNL |
| 005 |
20260302194411.0 |
| 008 |
160414s1999 xo 0 slo |
| 015 |
|
|
|a SNBRH1999/04-02916
|
| 035 |
|
|
|a CLN000069902
|
| 040 |
|
|
|a SNKBUCL
|b slo
|c SNKBUCL
|e AACR2
|
| 041 |
0 |
|
|a slo
|
| 044 |
|
|
|a xo
|c SK
|
| 080 |
|
|
|a 784.4.087.61
|2 1997
|
| 245 |
0 |
0 |
|a Muj frajir naveľo
|h hudobnina
|
| 650 |
0 |
7 |
|a vokálna tvorba
|x piesne ľudové
|z Ostrov, Veľké Zálužice (Slovensko)
|x spev
|2 snkbucl
|9 914329
|
| 650 |
0 |
7 |
|a piesne ľudové
|x spev
|2 snkbucl
|9 289892
|
| 651 |
|
7 |
|a 807
|2 snkbucl
|9 388718
|
| 651 |
|
7 |
|a 809
|2 snkbucl
|9 688525
|
| 773 |
0 |
|
|w SK01SNK19990329914
|z 809681530X
|t Piesne Zemplína
|a Nemcová, Melánia
|d Bratislava : PEDART, 1999
|g S. 59
|
| 850 |
|
|
|a Slovenská národná knižnica v Martine
|
| 852 |
|
|
|a SNK
|b KIS3GCP
|
| 924 |
|
|
|a spev
|
| 958 |
|
|
|a TL
|
| 958 |
|
|
|a RZH
|
| 999 |
|
|
|c 1448413
|d 1450343
|